Exposición que el Sr. Alcalde-Presidente del Ayuntamiento de Valdés Antonio Suárez Coronas eleva al Excmo. Sr. Ministro de Gracia y Justicia Antonio Maura y Montaner solicitando el restablecimiento del Partido Judicial de Luarca. (Record no. 166872)
[ view plain ]
| 000 -LEADER | |
|---|---|
| campo de control de longitud fija | 00853nam a2200181 i 4500 |
| 001 - NÚMERO DE CONTROL | |
| campo de control | 166872 |
| 003 - IDENTIFICADOR DE NÚMERO DE CONTROL | |
| campo de control | ES-MaACL |
| 005 - FECHA Y HORA DE LA ÚLTIMA TRANSACCIÓN | |
| campo de control | 20230906213423.0 |
| 008 - DATOS DE LONGITUD FIJA--INFORMACIÓN GENERAL | |
| campo de control de longitud fija | 990712s1894 sp |||| | spa d |
| 040 ## - FUENTE DE CATALOGACIÓN | |
| Centro catalogador/agencia de origen | CCPB | B |
| Lengua de catalogación | spa |
| Centro/agencia transcriptor | CCPB | B |
| 110 1# - ENTRADA PRINCIPAL--NOMBRE DE ENTIDAD CORPORATIVA | |
| Nombre de entidad corporativa o nombre de jurisdicción como elemento de entrada | Valdés (Oviedo). |
| Unidad subordinada | Alcalde. |
| 9 (RLIN) | 135035 |
| 245 10 - MENCIÓN DEL TÍTULO | |
| Título | Exposición que el Sr. Alcalde-Presidente del Ayuntamiento de Valdés Antonio Suárez Coronas eleva al Excmo. Sr. Ministro de Gracia y Justicia Antonio Maura y Montaner solicitando el restablecimiento del Partido Judicial de Luarca. |
| 260 ## - PUBLICACIÓN, DISTRIBUCIÓN, ETC. | |
| Lugar de publicación, distribución, etc. | Luarca : |
| Nombre del editor, distribuidor, etc. | [s.n., |
| Fecha de publicación, distribución, etc. | s.a.] ( |
| Fabricante | Imp. de Rollán y C.ª) |
| 300 ## - DESCRIPCIÓN FÍSICA | |
| Extensión | 18 p. ; |
| Dimensiones | 21 cm. |
| 596 ## - NOTA AL PIE DE IMPRENTA | |
| NOTA AL PIE DE IMPRENTA | Fecha probable 1894 tomada de principio del texto. |
| 700 21 - ENTRADA AGREGADA--NOMBRE PERSONAL | |
| Nombre de persona | Suárez Coronas, Antonio. |
| 9 (RLIN) | 132969 |
| 852 ## - LOCALIZACIÓN | |
| Ubicación | ES-MaACL |
| Número de control de estantería | T-801-F-1 |
| Nota libre | -- Enc. hol., conservando la enc. original |
| -- | -- Enc. en un vol. facticio |
| Estatus retirado | Estado de pérdida | Estado de daño | No para préstamo | Colección | Biblioteca de origen | Biblioteca actual | Ubicación en estantería | Fecha de adquisición | Total de préstamos | Signatura topográfica completa | Código de barras | Visto por última vez | Precio de reemplazo | Tipo de ítem Koha |
|---|---|---|---|---|---|---|---|---|---|---|---|---|---|---|
| Colección de folletos | Biblioteca del Ateneo de Madrid | Biblioteca del Ateneo de Madrid | Depósito folletos | 17/01/2008 | T-801-F-1 | 1175039 | 23/02/2023 | 23/02/2023 | Folleto |
